Policies and governance structures in woodlands of Southern Africa
Αποθηκεύτηκε σε:
| Άλλοι συγγραφείς: | , , |
|---|---|
| Μορφή: | Βιβλίο |
| Γλώσσα: | English |
| Δημοσίευση: |
Jakarta :
Center for International Forestry Research,
2003
|
| Θέματα: | |
| Ετικέτες: |
Προσθήκη ετικέτας
Δεν υπάρχουν, Καταχωρήστε ετικέτα πρώτοι!
|
MARC
| LEADER | 00000nam a2200000 i 4500 | ||
|---|---|---|---|
| 001 | 1/74776 | ||
| 008 | 080218s2003 eng d | ||
| 020 | |a 979-3361-22-0 | ||
| 035 | |l 10094743 | ||
| 040 | |a GR-MY-UA |b gre |e aacr | ||
| 041 | 0 | |a eng | |
| 082 | 0 | |a 634.90968 |2 (22) | |
| 245 | 1 | 0 | |a Policies and governance structures in woodlands of Southern Africa / |c editors Godwin Kowero, Bruce M. Campbell, Ussif Rashid Sumaila |
| 260 | |a Jakarta : |b Center for International Forestry Research, |c 2003 | ||
| 300 | |a 438 σ.; |b πίν., είκ. ; |c 25 εκ. | ||
| 504 | |a Περιέχει βιβλιογραφικές αναφορές | ||
| 650 | 0 | 0 | |a Forest management |z Africa, Southern. |
| 650 | 0 | 0 | |a Forest policy |z Africa, Southern. |
| 650 | 0 | 0 | |a Miombo |z Africa, Southern |x Management. |
| 650 | 0 | 0 | |a Forest management |z Africa, Southern |x Citizen participation. |
| 700 | 1 | |a Kowero, Godwin. |4 edt | |
| 700 | 1 | |a Campbell, B. M. |q (Bruce Morgan) |d 1953- |4 edt | |
| 700 | 1 | |a Sumaila, Ussif Rashid. |4 edt | |
| 852 | |a INST |b LESVOS |e 20080218 |h 634.9068 POL |p 005100040669 |q 005100040669 |t BK |y 0 | ||
| 901 | |a BIBL1-2008-1 | ||
| 909 | |a Λ |b 145646 | ||
| 922 | |a 1ΕΛΗ |b 200801 |c ΕΠΕΑΕΚ2/ΤΠ |d ΕΛΕΥΘΕΡΟΥΔΑΚΗΣ | ||
| 970 | |a ΧΑΤΖΗΜΙΧΑΗΛ |b ΜΑΡΙΑ |z 2008/02/18 | ||